00761nam a2200241Ia 4500003000900000008004100009040001300050040001300063041000800076100001600084245008800100250001200188260001100200260000900211300001100220300001200231490002800243490000600271600002000277942000700297999001700304952019800321IT-RoPAU120407s9999 xx 000 0 und d aIT-RoPAU cIT-RoPAU aita aJean Piaget aPsicologia dell’intelligenza. Trad. di Giorgi. Presentazione di A. Marzi. 5. ed. aFirenze aGiunti c1970 a214 p. c20,5 cm aCollezione psicologica  v1 a1. Intelligenza cBK c28945d28945 00102ddc406153_30000000000000071aPAULUSbPAULUSd2012-04-11l0o153.3r2012-04-11 00:00:00w2012-04-11yBKzInserito da: Mario In data: 19 settembre 2011 fondo: Via A.Severo 56 Progr:30222